<?xml version="1.0" encoding="UTF-8"?>
<record
    xmlns:xsi="http://www.w3.org/2001/XMLSchema-instance"
    xsi:schemaLocation="http://www.loc.gov/MARC21/slim http://www.loc.gov/standards/marcxml/schema/MARC21slim.xsd"
    xmlns="http://www.loc.gov/MARC21/slim">

  <leader>01360nam a2200349 a 4500</leader>
  <controlfield tag="001">000048733</controlfield>
  <controlfield tag="003">DO-SdBPM</controlfield>
  <controlfield tag="005">20250514113123.0</controlfield>
  <controlfield tag="008">190412s2016    dr ac    000 p spa d</controlfield>
  <datafield tag="020" ind1=" " ind2=" ">
    <subfield code="a">9789945484175</subfield>
  </datafield>
  <datafield tag="040" ind1=" " ind2=" ">
    <subfield code="a">DO-SdBPM</subfield>
    <subfield code="b">spa</subfield>
    <subfield code="c">BPMSU</subfield>
    <subfield code="e">rda</subfield>
  </datafield>
  <datafield tag="082" ind1=" " ind2="4">
    <subfield code="a">RD863.5</subfield>
    <subfield code="b">B862c 2016</subfield>
    <subfield code="2">22</subfield>
  </datafield>
  <datafield tag="100" ind1="1" ind2=" ">
    <subfield code="a">Brito, Orianny</subfield>
    <subfield code="d">1999-</subfield>
  </datafield>
  <datafield tag="245" ind1="1" ind2="0">
    <subfield code="a">Cuentos de memoria /</subfield>
    <subfield code="c">Orianny Brito ; ilustraciones Domingo Guzm&#xE1;n ; instructores Ram&#xF3;n Mesa, Ysabel Florentino, Jes&#xFA;s Cordero.</subfield>
  </datafield>
  <datafield tag="260" ind1=" " ind2=" ">
    <subfield code="a">San Cristobal, Rep&#xFA;blica Dominicana :</subfield>
    <subfield code="b">Fundaci&#xF3;n Literaria An&#xED;bal Monta&#xF1;o,</subfield>
    <subfield code="c">2016.</subfield>
  </datafield>
  <datafield tag="300" ind1=" " ind2=" ">
    <subfield code="a">50 p. :</subfield>
    <subfield code="b">il., retrs. ;</subfield>
    <subfield code="c">22 cm.</subfield>
  </datafield>
  <datafield tag="490" ind1="0" ind2=" ">
    <subfield code="a">Nueva Literatura Infantil Dominicana;</subfield>
    <subfield code="a">Marca Provincia</subfield>
  </datafield>
  <datafield tag="500" ind1=" " ind2=" ">
    <subfield code="a">Promoci&#xF3;n 101 ni&#xF1;os poetas de San Crist&#xF3;bal</subfield>
  </datafield>
  <datafield tag="500" ind1=" " ind2=" ">
    <subfield code="a">Talleres literarios Mi barrio en Letras</subfield>
  </datafield>
  <datafield tag="500" ind1=" " ind2=" ">
    <subfield code="a">10mo. Aniversaro</subfield>
  </datafield>
  <datafield tag="590" ind1=" " ind2=" ">
    <subfield code="a">Inventariado, 2025/ VM</subfield>
  </datafield>
  <datafield tag="650" ind1=" " ind2="4">
    <subfield code="a">Cuentos juveniles dominicanos</subfield>
  </datafield>
  <datafield tag="650" ind1=" " ind2="4">
    <subfield code="a">Literatura juvenil dominicana</subfield>
  </datafield>
  <datafield tag="650" ind1=" " ind2="4">
    <subfield code="a">Sue&#xF1;os </subfield>
    <subfield code="v">Cuentos juveniles </subfield>
  </datafield>
  <datafield tag="700" ind1="1" ind2=" ">
    <subfield code="a">Guzm&#xE1;n, Domingo</subfield>
    <subfield code="e">ilustraciones</subfield>
  </datafield>
  <datafield tag="700" ind1="1" ind2=" ">
    <subfield code="a">Mesa, Ram&#xF3;n</subfield>
    <subfield code="e">instructor </subfield>
  </datafield>
  <datafield tag="700" ind1="1" ind2=" ">
    <subfield code="a">Florentino, Ysabel,</subfield>
    <subfield code="d">1981-</subfield>
    <subfield code="e">instructor</subfield>
  </datafield>
  <datafield tag="700" ind1="1" ind2=" ">
    <subfield code="a">Cordero, Jes&#xFA;s</subfield>
    <subfield code="e">instructor </subfield>
  </datafield>
  <datafield tag="710" ind1="1" ind2=" ">
    <subfield code="a">Rep&#xFA;blica Dominicana </subfield>
    <subfield code="b">Fundaci&#xF3;n Literaria An&#xED;bal Monta&#xF1;o </subfield>
  </datafield>
  <datafield tag="910" ind1=" " ind2=" ">
    <subfield code="a">VMateo V. Control de calidad. </subfield>
  </datafield>
  <datafield tag="942" ind1=" " ind2=" ">
    <subfield code="2">ddc</subfield>
    <subfield code="c">BK</subfield>
  </datafield>
  <datafield tag="952" ind1=" " ind2=" ">
    <subfield code="0">0</subfield>
    <subfield code="1">0</subfield>
    <subfield code="2">ddc</subfield>
    <subfield code="4">0</subfield>
    <subfield code="7">0</subfield>
    <subfield code="8">CJ-D</subfield>
    <subfield code="a">BPMET</subfield>
    <subfield code="b">BPMET</subfield>
    <subfield code="d">2025-05-14</subfield>
    <subfield code="l">0</subfield>
    <subfield code="o">BPMSU CJD RD863.5 B862c 2016</subfield>
    <subfield code="p">BPMSU25050026</subfield>
    <subfield code="r">2025-05-14</subfield>
    <subfield code="w">2025-05-14</subfield>
    <subfield code="y">BK</subfield>
  </datafield>
  <datafield tag="952" ind1=" " ind2=" ">
    <subfield code="0">0</subfield>
    <subfield code="1">0</subfield>
    <subfield code="2">ddc</subfield>
    <subfield code="4">0</subfield>
    <subfield code="7">0</subfield>
    <subfield code="8">CJ-D</subfield>
    <subfield code="a">BPMET</subfield>
    <subfield code="b">BPMET</subfield>
    <subfield code="d">2025-05-14</subfield>
    <subfield code="l">0</subfield>
    <subfield code="o">BPMSU CJD RD863.5 B862c 2016</subfield>
    <subfield code="p">BPMSU25070020</subfield>
    <subfield code="r">2025-07-04</subfield>
    <subfield code="t">e.2</subfield>
    <subfield code="w">2025-05-14</subfield>
    <subfield code="y">BK</subfield>
  </datafield>
  <datafield tag="952" ind1=" " ind2=" ">
    <subfield code="0">0</subfield>
    <subfield code="1">0</subfield>
    <subfield code="2">ddc</subfield>
    <subfield code="4">0</subfield>
    <subfield code="7">0</subfield>
    <subfield code="8">CJ-D</subfield>
    <subfield code="a">BPMET</subfield>
    <subfield code="b">BPMET</subfield>
    <subfield code="d">2025-05-14</subfield>
    <subfield code="l">0</subfield>
    <subfield code="o">BPMSU CJD RD863.5 B862c 2016</subfield>
    <subfield code="p">BPMSU25080089</subfield>
    <subfield code="r">2025-08-29</subfield>
    <subfield code="t">e.3</subfield>
    <subfield code="w">2025-05-14</subfield>
    <subfield code="y">BK</subfield>
  </datafield>
  <datafield tag="999" ind1=" " ind2=" ">
    <subfield code="c">15052</subfield>
    <subfield code="d">15052</subfield>
  </datafield>
</record>
